Born in Wisconsin Quiz Stats

 Plays Quiz not verified by Sporcle

Challenge
Share
Tweet
Embed
Score 0/10 Timer 10:00
0 Plays Today
description famous person % Correct
Actor known for his portrayal as Willy Wonka in Willy Wonka and the Chocolate FactoryGene Wilder
95.9%
Actor and comedian known for his loud, energetic comedic style and died of a drug overdose at age 33Chris Farley
75%
Actor who voiced Gill in Finding NemoWillem Dafoe
63.3%
Actor best known for voicing Luigi in CarsTony Shalhoub
50%
Actress who starred in films like Committed, Gray Matters and The HangoverHeather Graham
37.5%
Actor, director and producer remembered for his innovative for Caesar in 1937Orson Welles
37.5%
Actress and comedian known for playing Mimi on The Drew Carey ShowKathy Kinney
18.4%
Cartoonist best known for her weekly comic strip Ernie Pook's ComeekLynda Barry
8.2%
Radio personality who is the host of his own radio show host with his name and then the words Whad'Ya Know?Michael Feldman
4.1%
Actor, filmmaker and social activist who gained international prominence for playing Hulk in The Incredible HulkMark Ruffalo
0%

You're not logged in!

Compare scores with friends on all Sporcle quizzes.
Join for Free
OR
Log In

You Might Also Like...

Show Comments

Extras

Top Quizzes Today


Score Distribution

Your Account Isn't Verified!

In order to create a playlist on Sporcle, you need to verify the email address you used during registration. Go to your Sporcle Settings to finish the process.

Report this User

Report this user for behavior that violates our Community Guidelines.

Details: